000 00588nam a2200193Ia 4500
005 20260429112225.0
008 260429s9999||||xx |||||||||||||| ||und||
020 _a9798886130935
041 _aEnglish
082 _a515.352
_bFER
100 _aFernandez-Cara, Enrique
245 0 _aOrdinary differential equations and applications /
_cEnrique Fernandez-Cara
260 _aSingapore :
_bWorld Scientific Publishing,
_c2024.
300 _axxiv, 325 p.; pbk
650 _a Differential equations
650 _a Ordinary differential equations
650 _aMathematics
942 _cTB
999 _c52981
_d52981